000 00482nam a2200181Ia 4500
001 4578
005 20260306145806.0
008 260306t2013||||xx |||||||||||||| ||spa||
041 _aESP
082 _a320.5312
_bE86
100 _aEspinosa Laña, Antonino
_eAUT
245 0 _aSiembra, convicción y peripecia:
_bel socialcristianismo en el Perú (1532-2010)
260 _c2013
300 _a425 páginas :
_c23 cm.
650 _aGEN
654 _aCDE
942 _cLIB
_dJUS
_fJUS
_2ddc
_n
999 _c4578
_d4578